Responses for Show #4393 - Wednesday, October 15, 2003

Sean Ryan game 6.
First 6-day champion.

Contestants

[<< previous game]

Chris Fite, an elementary school teacher from San Diego, California

Dana Maher, a pianist from Tulsa, Oklahoma

Sean Ryan, a taxi driver, bartender, and student from State College, Pennsylvania (whose 5-day cash winnings total $105,798)

[next game >>]

Jeopardy! Round responses

AMERICAN HISTORY
FAMILY GROUPS
100
TOUGH JOBS
SCIENCE BRIEFS
BEASTLY RHYME TIME
    $200 26
Havana

Dana
    $200 1
The Righteous Brothers

Dana
    $200 3
Bob Hope

Sean
    $200 11
corrections officer

Sean
    $200 16
blue

Sean
    $200 21
(Sean: What is a chunky monkey?)
...
(Alex: You can't use one of the words from the clue.)

fat bat

Sean
Triple Stumper
    $400 27
Davy Crockett

Dana
    $400 2
Sister Sledge

Chris
    $400 7
(Dana: What are dollars?)

cents

Dana
Triple Stumper
    $400 12
bounty hunters

Sean
    $400 17
Earth

Sean
    $400 22
goat float

Sean
    $600 28
poverty

Sean
    $600 4
The Mamas and The Papas

Sean
    $600 8
(Sean: What is 131?)

116

SeanChris
    $600 13
(Sean: What is an oil worker?)

fisherman

SeanDana
    $600 18
Celsius

Sean
    $600 23
roach coach

Chris
    $800 29
the New Deal

Sean
    $800 5
(Alex: Had been The Mothers.)

Mothers of Invention

Sean
    $800 9
Wilt Chamberlain

Sean
    $800 14
roughneck

Dana
    $800 19
pH scale

Sean
    $800 24
hippos' Zippos

Sean
    $1000 30
Jamestown

Chris
    $1000 6
Uncle Kracker

Sean
    $1000 10
(Sean: What is Alaska?)

Hawaii

SeanChris
    $1000 15
(Alex: And that's why they left him!)

knife thrower

Sean
    $1,000 20
carbon

Sean
    $1000 25
(Alex: With a minute to go.)

sponge lunge

Sean

Scores at the first commercial break (after clue 15):

Sean Dana Chris
$2,800 $1,200 $2,000

Scores at the end of the Jeopardy! Round:

Sean Dana Chris
$9,200 $1,800 $3,600

Double Jeopardy! Round responses

BOOKS & AUTHORS
AWARDS
WHERE YA FROM, SENATOR?
UTAH
ME TARZAN
THE "L" YOU ARE!
    $400 4
Mrs. Dalloway

Dana
    $400 9
the Golden Gloves

Sean
    $400 18
California

Dana
    $400 26
belly dancing

Triple Stumper
    $400 16
Johnny Weissmuller

Dana
    $400 1
liter

Dana
    $800 5
Goodbye, Columbus

Triple Stumper
    $800 10
(Sean: What is thermodynamics?)

light

Sean
Triple Stumper
    $800 19
Arizona

Chris
    $800 27
(Dana: What is southwest?)

southeast

Dana
Triple Stumper
    $800 17
Buster Crabbe

Chris
    $800 2
Los Angeles

Sean
    $1200 6
Robert B. Parker

Sean
    $1200 11
journalism

Triple Stumper
    $1200 20
North Carolina

Sean
    $5,000 28
(Dana: Who is Brigham Young?)

Ebenezer Bryce

Dana
    $1200 23
Bo Derek

Chris
    $1200 3
the Leakeys

Chris
    $1600 7
Life of Pi

Triple Stumper
    $1600 12
GPS (Global Positioning System)

Sean
    $1600 21
(Sean: What is Arkansas?)

Texas

SeanChris
    $1600 30
the Mormon Tabernacle

Dana
    $1600 24
Christopher Lambert

Dana
    $1600 14
loam

Sean
    $2000 8
Albert Camus

Chris
    $1,000 13
Goethe

Sean
    $2000 22
(Alex: Our friend Chuck Hagel will never forgive you for missing [*]!)

Nebraska

Triple Stumper
    $2000 29
(Alex: For the Sundance Film Festival.)

Park City

Dana
    $2000 25
Michael T. Weiss

Triple Stumper
    $2000 15
Lamentations

Dana

Scores at the end of the Double Jeopardy! Round:

Sean Dana Chris
$14,600 $4,800 $11,200

[wagering suggestions for these scores]

Final Jeopardy! Round responses

OPERA SETTINGS
(Alex: Nabucco is short for Nebuchadnezzar, and he was king of [*].)
...
(Alex: [To Sean] And he has many reasons to applaud himself: he's good, and he's coming back tomorrow. See you then!)
DanaWhat is Babylon
$4,800
ChrisWhat is Babylon
$1,599
SeanWhat is Babl Babylon
$3,399
Babylon

Final scores:

Sean Dana Chris
$17,999 $9,600 $12,799
6-day champion: $123,797 3rd place: $1,000 2nd place: $2,000

Game dynamics:

Coryat scores:

Sean Dana Chris
$15,600 $9,800 $11,200
25 R
(including 2 DDs),
6 W
13 R,
3 W
(including 1 DD)
11 R,
0 W

Combined Coryat: $36,600

[game clues] [game scores] [suggest correction]

Game tape date: 2003-08-04
The J! Archive is created by fans, for fans. Scraping, republication, monetization, and malicious use prohibited; this site may use cookies and collect identifying information. See terms. The Jeopardy! game show and all elements thereof, including but not limited to copyright and trademark thereto, are the property of Jeopardy Productions, Inc. and are protected under law. This website is not affiliated with, sponsored by, or operated by Jeopardy Productions, Inc. Join the discussion at JBoard.tv.